Management Control Systems Principles and Practices
Salvato in:
| Autore principale: | |
|---|---|
| Natura: | Libro |
| Lingua: | inglese |
| Pubblicazione: |
New Delhi
PHI Learning Private Limited
2011
|
| Serie: | Eastern Economy Edition
|
| Soggetti: | |
| Tags: |
Nessun Tag, puoi essere il primo ad aggiungerne!!
|
MARC
| LEADER | 00000nam a2200000 4500 | ||
|---|---|---|---|
| 001 | 0236831 | ||
| 005 | 20240226134152.3 | ||
| 020 | |a 978-81-203-4220-0 | ||
| 041 | 0 | |a eng | |
| 044 | |a IN | ||
| 245 | 1 | 0 | |a Management Control Systems |b Principles and Practices |c Subhash Chandra Das |
| 264 | 1 | |a New Delhi |b PHI Learning Private Limited |c 2011 | |
| 300 | |a 279 s. | ||
| 490 | 1 | |a Eastern Economy Edition | |
| 830 | 0 | |a Eastern Economy Edition | |
| 610 | 2 | 0 | |a systémy riadenia |
| 610 | 2 | 0 | |a kontrola |
| 610 | 2 | 0 | |a riadenie |
| 610 | 2 | 0 | |a stratégia podniková |
| 610 | 2 | 0 | |a plánovanie strategické |
| 610 | 2 | 0 | |a rozpočty |
| 610 | 2 | 0 | |a oceňovanie |
| 610 | 2 | 0 | |a odmeny |
| 610 | 2 | 0 | |a náklady |
| 610 | 2 | 0 | |a audit |
| 610 | 2 | 0 | |a spoločnosti nadnárodné |
| 610 | 2 | 0 | |a služby |
| 610 | 2 | 0 | |a projekty |
| 610 | 2 | 0 | |a organizácie neziskové |
| 610 | 2 | 0 | |a etika |
| 610 | 2 | 0 | |a správa podniku |
| 100 | 1 | |a Chandra Das, Subhash | |